Normal view
MARC view
Entry Personal Name
001 - CONTROL NUMBER
- control field: 4839
003 - CONTROL NUMBER IDENTIFIER
- control field: BD-RjUL
005 - DATE AND TIME OF LATEST TRANSACTION
- control field: 20220915133417.0
008 - FIXED-LENGTH DATA ELEMENTS
- fixed length control field: 220915|| aca||aabn | a|a d
040 ## - CATALOGING SOURCE
- Original cataloging agency: BD-RjUL
- Transcribing agency: BD-RjUL
100 ## - HEADING--PERSONAL NAME
- Personal name: Zahra Mohammad Abu ### زهرة , محمد ابو
670 ## - SOURCE DATA FOUND
- Source citation: Work cat.: (BD-RjUL)80371: Zahra Mohammad Abu ### زهرة , محمد ابو, امام احمد بن حنبل # # Imam ahmad bn hanbal / , 1967